| 000 | 00350nam a2200133Ia 4500 | ||
|---|---|---|---|
| 008 | 240624s9999 xx 000 0 und d | ||
| 041 | _aeng | ||
| 082 | _a413 REI | ||
| 100 | _aREITZ JOAN M | ||
| 245 | _aDICTIONARY FOR LIBRARY AND INFORMATION S | ||
| 260 |
_c2005 _aLondon _bLibraries Unlimited |
||
| 300 | _ax, : 788 : p. : cm. ; 23 | ||
| 365 |
_cRS _b35 |
||
| 999 |
_c5786 _d5786 |
||